000 02424cam a22004814i 4500
003 PE-LiUPU
005 20250731173421.0
008 150706s2003 xxk r 000 0 spa d
020 _a9780758606068
035 _a(Sirsi) i9780758606068
040 _aPE-LiUPU
_bspa
_cPE-LiUPU
_erda
049 _aPRUA
082 0 4 _a270.82
_bC61
_221
100 1 _aClement, Arthur J.,
_eautor.
245 1 4 _aLos pentecostales y carismáticos :
_bdesde una perspectiva histórica y confesional /
_cArthur J. Clement.
264 1 _aU.S.A. :
_bConcordia,
_c2003.
300 _a230 páginas ;
_c23 centímetros
336 _atext
_2rdacontent
337 _aunmediated
_2rdamedia
338 _avolume
_2rdacarrier
500 _aSubtítulo tomado de la cubierta.
505 0 _aLa historia del pentecostalismo: antiguo y nuevo -- El fervor pentecostal antes de 1900 -- Advenimiento del pentecostalismo moderno -- Nueva fuerza del pentecostalismo: el movimiento carismático -- Las enseñanzas y las prácticas del movimiento pentecostal/carismático -- Bautismo en el Espíritu Santo -- Hablar en lenguas e interpretación -- Sanidad, profecía y evangelismo de poder -- Tendencias perturbadoras en el movimiento carismático -- Falta de claridad doctrinal y ecumenismo -- El movimiento pentecostal/carismático a la luz de las escrituras -- El bautismo bíblico del Espíritu -- El don de lenguas según las escrituras -- El don de sanidad, evangelismo de poder y profecía -- Los dones del Espíritu Santo -- Gran atractivo y errores doctrinales -- Sólo hay un pentecostés.
526 _aSEG42
526 _aSEG41
526 _aSEG40
526 _aSEG39
526 _aP94
526 _aP87
526 _aP86
526 _aP85
526 _aP77
526 _aP76
526 _aP35
541 _g001-0000589;
650 0 4 _aPentecostalismo.
700 1 _aDelgadillo López, Fernando,
_etr.
910 _agl
_bjv
_clch
_d20120624
942 _2ddc
_cBOOK
949 _a270.82 C61
_wDEWEY
_c1
_i64939
_lCCODEBUL1
_mBUL
_p12.00
_r0
_sY
_tBOOK
_u2015-7-6
_xTEOLOGIA
_PP35
_o.STAFF. Colección Teología
994 _aC0
_bPEPRU
596 _a1
999 _a270.82 C61
_wDEWEY
_c53648
_i64939
_d53648
_e2017-7-21
_f2021-11-11
_g6
_lCCODEBUL1
_mBUL
_n3
_p12.00
_q1
_r0
_sY
_tBOOK
_u2015-7-6
_xTEOLOGIA
_PP35
_0COMPRA
_o.STAFF. Colección Teología
980 _81
_gALBERTO SANCHEZ Responsable de Automatización